El juego de sala en la Cuba republicana (Record no. 1154)
[ view plain ]
| 000 -CABECERA | |
|---|---|
| campo de control de longitud fija | 00485nam a2200157 a 4500 |
| 001 - NÚMERO DE CONTROL | |
| campo de control | BRCA_1285 |
| 005 - FECHA Y HORA DE LA ÚLTIMA TRANSACCIÓN | |
| campo de control | 20190320203348.0 |
| 008 - DATOS DE LONGITUD FIJA--INFORMACIÓN GENERAL | |
| campo de control de longitud fija | 200508s----1985cu-a---###---#000-0#spa-# |
| 050 #4 - SIGNATURA TOPOGRÁFICA DE LA BIBLIOTECA DEL CONGRESO | |
| Número de clasificación | NK2474 |
| Número de documento/Ítem | .O94 1985 |
| 100 1# - ENTRADA PRINCIPAL--NOMBRE DE PERSONA | |
| Nombre de persona | Otero de Armas, Elena |
| 9 (RLIN) | 4218 |
| 245 10 - MENCIÓN DE TÍTULO | |
| Título | El juego de sala en la Cuba republicana |
| Mención de responsabilidad, etc. | Elena Otero de Armas. |
| 260 ## - PUBLICACIÓN, DISTRIBUCIÓN, ETC. | |
| Lugar de publicación, distribución, etc. | La Habana |
| Nombre del editor, distribuidor, etc. | Gente Nueva |
| Fecha de publicación, distribución, etc. | 1985 |
| 300 ## - DESCRIPCIÓN FÍSICA | |
| Extensión | 69 p. |
| Otras características físicas | il. blanco y negro |
| Dimensiones | 21 cm. |
| 650 14 - PUNTO DE ACCESO ADICIONAL DE MATERIA--TÉRMINO DE MATERIA | |
| Término de materia o nombre geográfico como elemento de entrada | Mueble de sala |
| Subdivisión cronológica | Siglo XX |
| Subdivisión geográfica | Cuba |
| 9 (RLIN) | 4219 |
| 942 ## - ELEMENTOS DE PUNTO DE ACCESO ADICIONAL (KOHA) | |
| Fuente del sistema de clasificación o colocación | Library of Congress Classification |
| Tipo de ítem Koha | Libros |
| Estado de retiro | Estado de pérdida | Estado dañado | No para préstamo | Localización permanente | Ubicación/localización actual | Fecha de adquisición | Total de préstamos | Signatura topográfica completa | Código de barras | Fecha visto por última vez | Precio válido a partir de | Tipo de ítem Koha |
|---|---|---|---|---|---|---|---|---|---|---|---|---|
| El ejemplar forma parte de la colección y puede ser consultado según las políticas vigentes. | Biblioteca del Museo Franz Mayer (Rogerio Casas-Alatriste) | Biblioteca del Museo Franz Mayer (Rogerio Casas-Alatriste) | 26/06/2008 | NK2474 .O94 1985 | 01786 | 22/03/2019 | 22/03/2019 | Libros |